Schweizer Fussballvereine - Statistiken

Allgemein
  • Dieses Quiz wurde 197 mal gespielt
  • Das Durchschnittsergebnis liegt bei 20 aus 40
Antwortstatistiken
Aktuelle Liga Team % Korrekt
Super League FC Basel
95%
Super League FC Zürich
95%
Super League BSC Young Boys
90%
Super League FC Luzern
88%
Super League FC St. Gallen
88%
Super League Grasshoppers Club Z.
88%
Challenge League FC Sion
84%
Super League Lausanne-Sport
84%
Super League FC Winterthur
82%
Super League Genf Servette
82%
Challenge League FC Thun
80%
Challenge League FC Aarau
76%
Super League Yverdon-Sport
75%
Super League FC Lugano
73%
Challenge League Neuchâtel Xamax
69%
Super League Stade-LS-Ouchy
64%
Challenge League FC Schaffhausen
61%
Challenge League FC Wil
60%
Challenge League FC Vaduz
56%
Promotion League FC Biel-Bienne
54%
Challenge League AC Bellinzona
48%
Promotion League SC Kriens
42%
Challenge League FC Baden
41%
Promotion League FC Rapperswil-Jona
39%
Promotion League Etoile Carouge FC
35%
Challenge League Stade Nyonnais
34%
Promotion League FC Basel U21
23%
Promotion League FC Breitenrain
23%
Promotion League SC Brühl SG
23%
Promotion League SC Cham
23%
Promotion League FC Luzern U21
22%
Promotion League SR Delémont
21%
Promotion League BSC Young Boys U21
18%
Promotion League FC Bulle
18%
Promotion League FC Zürich U21
18%
Promotion League FC Lugano U21
15%
Promotion League FC Paradiso
15%
Promotion League FC St. Gallen U21
15%
Promotion League Servette FC U21
12%
Promotion League FC Bavois
11%
Keine übereinstimmenden Quizze gefunden
Verteilung der Resultate
Anzahl Personen mit jedem Resultat
Perzentil nach korrekt beantworteten Fragen
Ihre Resultats-Entwicklung
Sie haben dieses Quiz noch nicht gespielt